[Event "MCRE_PF15"]
[Site "?"]
[Date "2003.??.??"]
[Round "1"]
[White "Votypka, Miroslav"]
[Black "Milos, Vladislav"]
[Result "1/2-1/2"]
[WhiteElo "2249"]
[BlackElo "2181"]
[PlyCount "106"]
[EventDate "2003.??.??"]
[EventType "corr"]
[EventRounds "2"]
[SourceDate "2005.03.12"]

1. e4 c5 2. Nf3 d6 3. d4 cxd4 4. Nxd4 Nf6 5. Nc3 a6 6. f3 g6 7. Be3 Bg7 8. Qd2
O-O 9. O-O-O b5 10. g4 b4 11. Nce2 a5 12. Ng3 Qc7 13. h4 a4 14. h5 b3 15. a3
bxc2 16. Qxc2 Qxc2+ 17. Kxc2 Bb7 18. b4 axb3+ 19. Kxb3 Rc8 20. Bb5 Nc6 21. Rc1
Nxd4+ 22. Bxd4 Nxe4 23. Nxe4 Bxd4 24. Rxc8+ Rxc8 25. hxg6 hxg6 26. Rd1 Bd5+ 27.
Ka4 Ra8+ 28. Kb4 Bc5+ 29. Nxc5 Bxf3 30. Rd3 dxc5+ 31. Kxc5 Bxg4 32. a4 Rc8+ 33.
Kb6 Kg7 34. a5 Rb8+ 35. Kc6 Be2 36. Rb3 Bxb5+ 37. Rxb5 Ra8 38. Kb6 f5 39. a6 e6
40. Kb7 Rd8 41. Rc5 g5 42. Rc8 Rd2 43. a7 Ra2 44. a8=Q Rxa8 45. Rxa8 Kf6 46.
Kc6 Ke5 47. Ra5+ Ke4 48. Kd6 f4 49. Re5+ Kd3 50. Kxe6 f3 51. Rxg5 f2 52. Rf5
Ke2 53. Rxf2+ Kxf2 1/2-1/2

[Event "MCRE_PF15"]
[Site "?"]
[Date "2003.??.??"]
[Round "1"]
[White "Votypka, Miroslav"]
[Black "Valenta, Josef"]
[Result "1-0"]
[WhiteElo "2249"]
[BlackElo "2168"]
[PlyCount "85"]
[EventDate "2003.??.??"]
[EventType "corr"]
[EventRounds "2"]
[SourceDate "2005.03.12"]

1. e4 c5 2. Nf3 Nc6 3. d4 cxd4 4. Nxd4 Nf6 5. Nc3 e5 6. Ndb5 d6 7. Bg5 a6 8.
Na3 b5 9. Bxf6 gxf6 10. Nd5 f5 11. c3 Bg7 12. exf5 Bxf5 13. Nc2 O-O 14. Nce3
Be6 15. Bd3 f5 16. O-O Ra7 17. a4 bxa4 18. Qxa4 Ne7 19. Bc4 Kh8 20. Qa5 Qxa5
21. Rxa5 Nc6 22. Rxa6 Rxa6 23. Bxa6 f4 24. Nc7 Bb3 25. Nc4 Rf7 26. Nd2 Rxc7 27.
Nxb3 d5 28. f3 Kg8 29. g3 Kf7 30. Rd1 Ne7 31. gxf4 exf4 32. Nc1 Ra7 33. Bd3 Rb7
34. Rd2 Ng6 35. Bxg6+ hxg6 36. Kg2 g5 37. Kh3 Bf6 38. Nd3 Rb5 39. Kg4 Rb6 40.
Kf5 Re6 41. Nb4 Re5+ 42. Kg4 Re1 43. Nxd5 1-0

[Event "MCRE_PF15"]
[Site "?"]
[Date "2003.??.??"]
[Round "2"]
[White "Juhasz, Jozef"]
[Black "Koukal, Vladimir"]
[Result "1/2-1/2"]
[WhiteElo "2188"]
[BlackElo "2194"]
[PlyCount "90"]
[EventDate "2003.??.??"]
[EventType "corr"]
[EventRounds "2"]
[SourceDate "2005.03.12"]

1. c4 e5 2. Nc3 Nf6 3. Nf3 Nc6 4. d4 exd4 5. Nxd4 Bc5 6. Nxc6 bxc6 7. e3 O-O 8.
a3 Qe7 9. Bd3 d5 10. b4 Bd6 11. c5 Be5 12. Bb2 a5 13. O-O Ba6 14. Bxa6 Rxa6 15.
Qc2 Rfa8 16. Rfe1 h6 17. Rad1 axb4 18. axb4 Ne4 19. Nxe4 Bxb2 20. Qxb2 Qxe4 21.
Rd4 Qe5 22. Qe2 Ra2 23. Qg4 Rb2 24. h3 g5 25. Rf1 f5 26. Qh5 Qf6 27. Qd1 Kg7
28. Qd3 Qe5 29. b5 Rxb5 30. f4 Qe7 31. fxg5 hxg5 32. Rxf5 Rxc5 33. Rg4 Rc1+ 34.
Kh2 Kh6 35. Qd4 Rc4 36. Qf6+ Qxf6 37. Rxf6+ Kg7 38. Rxc4 Kxf6 39. Rxc6+ Kf5 40.
Rxc7 Re8 41. Rc3 Ke4 42. Kg3 Rb8 43. Kg4 Rb2 44. g3 Re2 45. Rc7 Rxe3 1/2-1/2

[Event "MCRE_PF15"]
[Site "?"]
[Date "2003.??.??"]
[Round "2"]
[White "Juhasz, Jozef"]
[Black "Sochor, Frantisek"]
[Result "0-1"]
[WhiteElo "2188"]
[BlackElo "2252"]
[PlyCount "160"]
[EventDate "2003.??.??"]
[EventType "corr"]
[EventRounds "2"]
[SourceDate "2005.03.12"]

1. d4 Nf6 2. c4 g6 3. Nc3 d5 4. cxd5 Nxd5 5. e4 Nxc3 6. bxc3 Bg7 7. Nf3 c5 8.
Rb1 O-O 9. Be2 cxd4 10. cxd4 Qa5+ 11. Qd2 Qxd2+ 12. Bxd2 b6 13. Be3 e6 14. Bd3
Bb7 15. Ke2 Nc6 16. Rhc1 Rac8 17. Rc4 Rfd8 18. g4 Ba6 19. Ra4 Bb7 20. g5 Rc7
21. Rc1 Rcc8 22. h3 Kf8 23. Ra3 Ra8 24. Rc2 Kg8 25. Ra4 a6 26. Rac4 Rac8 27.
R4c3 b5 28. Rc1 Kf8 29. a3 Ke7 30. e5 Bf8 31. Nd2 Kd7 32. Ne4 Be7 33. Bb1 Na5
34. Nc5+ Bxc5 35. dxc5 Bd5 36. f4 Rh8 37. Bf2 h6 38. gxh6 Rxh6 39. h4 Kc6 40.
Rg1 Nc4 41. Bc2 Rch8 42. Rh3 Rh5 43. Kd1 a5 44. Kc1 a4 45. Rg4 Ra8 46. Bd1 Rhh8
47. Rg1 Rhb8 48. Be2 b4 49. Bxc4 Bxc4 50. Rd1 Kc7 51. Rd6 bxa3 52. Rxa3 Rb4 53.
Rb6 Rb3 54. Rbxb3 Bxb3 55. Kd2 Rd8+ 56. Ke2 Kc6 57. Ra1 Bc4+ 58. Ke1 Ra8 59.
Ra3 Kb5 60. Bd4 Bd5 61. Kd2 Kb4 62. Bb2 Kxc5 63. Rd3 Rb8 64. Rc3+ Bc4 65. Kc2
Rh8 66. Rh3 Kd5 67. Bc1 Kd4 68. Kb2 Ke4 69. Ka3 Bb3 70. Bd2 Kf5 71. Rh2 Kg4 72.
Rh1 Rd8 73. Rg1+ Kf3 74. Bc1 Rd3 75. Kb4 Bc2 76. Rf1+ Kg2 77. Re1 Rb3+ 78. Ka5
Kf3 79. Bd2 Rd3 80. Bb4 Kxf4 0-1

[Event "MCRE_PF15"]
[Site "?"]
[Date "2003.??.??"]
[Round "2"]
[White "Juhasz, Jozef"]
[Black "Svajdler, Frantisek"]
[Result "1/2-1/2"]
[WhiteElo "2188"]
[BlackElo "2278"]
[PlyCount "41"]
[EventDate "2003.??.??"]
[EventType "corr"]
[EventRounds "2"]
[SourceDate "2005.03.12"]

1. Nf3 Nf6 2. c4 g6 3. d4 Bg7 4. Nc3 O-O 5. e4 d6 6. Be2 e5 7. dxe5 dxe5 8.
Qxd8 Rxd8 9. Bg5 c6 10. Nxe5 Re8 11. O-O-O Na6 12. f4 h6 13. Bxf6 Bxf6 14. a3
Bxe5 15. fxe5 Nc7 16. Kd2 Rxe5 17. Ke3 Be6 18. Rd6 Ne8 19. Rd2 Nf6 20. Kf4 Rg5
21. g3 1/2-1/2

[Event "MCRE_PF15"]
[Site "?"]
[Date "2003.??.??"]
[Round "2"]
[White "Juhasz, Jozef"]
[Black "Votypka, Miroslav"]
[Result "1/2-1/2"]
[WhiteElo "2188"]
[BlackElo "2249"]
[PlyCount "100"]
[EventDate "2003.??.??"]
[EventType "corr"]
[EventRounds "2"]
[SourceDate "2005.03.12"]

1. d4 Nf6 2. c4 g6 3. Nc3 d5 4. cxd5 Nxd5 5. e4 Nxc3 6. bxc3 Bg7 7. Nf3 c5 8.
Rb1 O-O 9. Be2 cxd4 10. cxd4 Qa5+ 11. Qd2 Qxd2+ 12. Bxd2 b6 13. Rc1 Bb7 14. d5
Na6 15. Bg5 Rfc8 16. Rxc8+ Rxc8 17. Bxe7 Rc1+ 18. Bd1 Ra1 19. O-O Rxa2 20. Bb3
Rb2 21. Bc4 b5 22. Bd3 f5 23. exf5 Bxd5 24. f6 Bf8 25. Ne5 Nc5 26. Rc1 Nxd3 27.
Nxd3 Rd2 28. Ne5 Bc4 29. g4 Re2 30. f4 a5 31. Bxf8 Kxf8 32. Nxc4 bxc4 33. Rxc4
Rb2 34. g5 Rb4 35. Rc8+ Kf7 36. Rc7+ Kg8 37. Rg7+ Kf8 38. Kf2 Rxf4+ 39. Kg3 Rf1
40. Rxh7 Rg1+ 41. Kf4 Rf1+ 42. Ke4 Rg1 43. Ke5 a4 44. h4 Rh1 45. Ke6 Re1+ 46.
Kd6 Rh1 47. Kc5 Rh3 48. Kb4 a3 49. Ra7 Rxh4+ 50. Kxa3 Rg4 1/2-1/2

[Event "MCRE_PF15"]
[Site "?"]
[Date "2003.??.??"]
[Round "2"]
[White "Koukal, Vladimir"]
[Black "Sochor, Frantisek"]
[Result "0-1"]
[WhiteElo "2194"]
[BlackElo "2252"]
[PlyCount "135"]
[EventDate "2003.??.??"]
[EventType "corr"]
[EventRounds "2"]
[SourceDate "2005.03.12"]

1. e4 c5 2. Nf3 d6 3. d4 cxd4 4. Nxd4 Nf6 5. Nc3 a6 6. Be3 Ng4 7. Bg5 h6 8. Bh4
g5 9. Bg3 Bg7 10. Nd5 Nc6 11. c3 h5 12. Nf5 Bxf5 13. exf5 e6 14. fxe6 fxe6 15.
Ne3 Nxe3 16. fxe3 Qb6 17. Qd2 O-O-O 18. Bf2 Ne5 19. O-O-O Rhf8 20. h4 Qa5 21.
Kb1 Qa4 22. Bg3 Qg4 23. Qe1 Qe4+ 24. Ka1 g4 25. Rd4 Qc2 26. e4 Bh6 27. Qd1
Qxd1+ 28. Rxd1 Bf4 29. Bf2 Kd7 30. g3 Bh6 31. Bc5 Kc7 32. Bd4 Rf3 33. Rg1 Be3
34. Rg2 Nc6 35. Be2 Bxd4 36. cxd4 Re3 37. d5 exd5 38. exd5 Ne7 39. Rd3 Rxd3 40.
Bxd3 Rf8 41. Kb1 Rf3 42. Be2 Rf6 43. Kc2 Nxd5 44. Kd2 Nb4 45. a3 Nc6 46. Rg1
Nd4 47. Rf1 Re6 48. Bc4 Re5 49. Bf7 Nf3+ 50. Kd3 Rf5 51. Be6 Rb5 52. Rc1+ Kb6
53. b4 a5 54. Rb1 Re5 55. Bf7 Ka6 56. a4 d5 57. bxa5 d4 58. Bg6 Re3+ 59. Kc4
Rc3+ 60. Kd5 d3 61. Bxh5 d2 62. Ke4 b5 63. Bxg4 Rc1 64. axb5+ Kxa5 65. Bxf3
Rxb1 66. g4 Kxb5 67. Be2+ Kc5 68. h5 0-1

[Event "MCRE_PF15"]
[Site "?"]
[Date "2003.??.??"]
[Round "2"]
[White "Koukal, Vladimir"]
[Black "Svajdler, Frantisek"]
[Result "1/2-1/2"]
[WhiteElo "2194"]
[BlackElo "2278"]
[PlyCount "23"]
[EventDate "2003.??.??"]
[EventType "corr"]
[EventRounds "2"]
[SourceDate "2005.03.12"]

1. e4 e5 2. Nf3 Nc6 3. Bb5 a6 4. Ba4 Nf6 5. O-O Be7 6. Re1 b5 7. Bb3 d6 8. c3
O-O 9. h3 Bb7 10. d4 Re8 11. Nbd2 Bf8 12. a4 1/2-1/2

[Event "MCRE_PF15"]
[Site "?"]
[Date "2003.??.??"]
[Round "2"]
[White "Koukal, Vladimir"]
[Black "Votypka, Miroslav"]
[Result "1-0"]
[WhiteElo "2194"]
[BlackElo "2249"]
[PlyCount "111"]
[EventDate "2003.??.??"]
[EventType "corr"]
[EventRounds "2"]
[SourceDate "2005.03.12"]

1. e4 e5 2. Nf3 Nc6 3. Bb5 a6 4. Ba4 Nf6 5. O-O Be7 6. Re1 b5 7. Bb3 d6 8. c3
O-O 9. d4 Bg4 10. Be3 Bh5 11. Nbd2 Na5 12. Bc2 c5 13. Qe2 Qc7 14. Bd3 Rfe8 15.
d5 c4 16. Bc2 Ng4 17. Nf1 Nxe3 18. Qxe3 Nb7 19. Ng3 Bg6 20. Nf5 Bf6 21. Ng3 a5
22. h4 b4 23. h5 Bxh5 24. Nxh5 Be7 25. Ng3 Rec8 26. Nf5 Rab8 27. Bd1 Nc5 28.
Be2 bxc3 29. bxc3 Bf8 30. Bxc4 Rb2 31. Rab1 Rcb8 32. Bb3 Rxb1 33. Rxb1 g6 34.
Ng3 a4 35. Bc2 Rxb1+ 36. Bxb1 a3 37. Kh2 Qb6 38. Bd3 Be7 39. Be2 Kg7 40. Bf1
Qb1 41. Bc4 h6 42. Kh3 Qb2 43. Nf1 Qb1 44. N3d2 Qd1 45. Qe2 Qc2 46. Ne3 Qxc3
47. f3 Bg5 48. Ndf1 h5 49. g3 Qb2 50. Bb5 Qb1 51. Nd1 Kf8 52. Bc6 Kg7 53. Kg2
h4 54. Nc3 Qa1 55. gxh4 Bxh4 56. Nb5 1-0

[Event "MCRE_PF15"]
[Site "?"]
[Date "2003.??.??"]
[Round "2"]
[White "Ksir, Bohumil"]
[Black "Juhasz, Jozef"]
[Result "1-0"]
[WhiteElo "2115"]
[BlackElo "2188"]
[PlyCount "101"]
[EventDate "2003.??.??"]
[EventType "corr"]
[EventRounds "2"]
[SourceDate "2005.03.12"]

1. e4 e5 2. Nf3 Nc6 3. d4 exd4 4. Nxd4 Qh4 5. Nb5 Qxe4+ 6. Be2 Kd8 7. O-O a6 8.
N5c3 Qd4 9. Bd3 Nf6 10. Be3 Qh4 11. Nd2 Bd6 12. Nf3 Qh5 13. h3 Ne5 14. Be2
Nxf3+ 15. Bxf3 Qe5 16. g3 Bc5 17. Re1 d6 18. Bg2 Re8 19. Qd2 Bxe3 20. Rxe3 Qc5
21. Ree1 Rb8 22. Na4 Qb5 23. b3 h6 24. c4 Qg5 25. Qd4 b6 26. Nc3 Qc5 27. Qd3
Qh5 28. Nd5 Nxd5 29. cxd5 f5 30. Rac1 Rxe1+ 31. Rxe1 Qf7 32. b4 Bb7 33. Qc4 Kd7
34. Rc1 Rc8 35. a4 g5 36. Rc2 h5 37. Rc1 h4 38. g4 Kd8 39. Bf3 Kd7 40. Qc3 Qg8
41. gxf5 g4 42. Bxg4 c5 43. dxc6+ Rxc6 44. f6+ Kc7 45. Qe3 Rxc1+ 46. Qxc1+ Kb8
47. Qf4 Qa2 48. Kh2 Qa1 49. Qxd6+ Ka7 50. Bd1 Qb2 51. Kg1 1-0

[Event "MCRE_PF15"]
[Site "?"]
[Date "2003.??.??"]
[Round "2"]
[White "Ksir, Bohumil"]
[Black "Koukal, Vladimir"]
[Result "1/2-1/2"]
[WhiteElo "2115"]
[BlackElo "2194"]
[PlyCount "72"]
[EventDate "2003.??.??"]
[EventType "corr"]
[EventRounds "2"]
[SourceDate "2005.03.12"]

1. e4 e5 2. Nf3 Nc6 3. d4 exd4 4. Nxd4 Bc5 5. Nxc6 Qf6 6. Qd2 dxc6 7. Nc3 Be6
8. Na4 Rd8 9. Bd3 Bd6 10. Qe3 Bb4+ 11. c3 Be7 12. O-O Qh4 13. Bc2 b6 14. e5 Nh6
15. h3 O-O 16. Re1 c5 17. b3 Qh5 18. Nb2 Nf5 19. Qe2 Qxe2 20. Rxe2 Nh4 21. f4
Nf5 22. g4 Nh4 23. Kf2 Bd5 24. Kg3 h6 25. f5 Nf3 26. f6 gxf6 27. Rf2 Nxe5 28.
Bxh6 Rfe8 29. Rd1 Ng6 30. Rfd2 Bd6+ 31. Kf2 Be6 32. c4 Bd7 33. a4 Re7 34. Nd3
Rde8 35. Re1 f5 36. Rxe7 Bxe7 1/2-1/2

[Event "MCRE_PF15"]
[Site "?"]
[Date "2003.??.??"]
[Round "2"]
[White "Ksir, Bohumil"]
[Black "Milos, Vladislav"]
[Result "1-0"]
[WhiteElo "2115"]
[BlackElo "2181"]
[PlyCount "81"]
[EventDate "2003.??.??"]
[EventType "corr"]
[EventRounds "2"]
[SourceDate "2005.03.12"]

1. e4 c5 2. Nf3 Nc6 3. d4 cxd4 4. Nxd4 Nf6 5. Nc3 e5 6. Ndb5 d6 7. Bg5 a6 8.
Na3 b5 9. Bxf6 gxf6 10. Nd5 f5 11. exf5 Bxf5 12. c3 Bg7 13. Nc2 Be6 14. Nce3
O-O 15. Bd3 f5 16. Qh5 Ra7 17. Nxf5 Rxf5 18. Bxf5 Bxd5 19. Rd1 Bf7 20. Bxh7+
Kf8 21. Qf3 Ne7 22. h4 Qb6 23. g4 d5 24. g5 b4 25. h5 e4 26. Qe3 Qxe3+ 27. fxe3
bxc3 28. h6 Be5 29. bxc3 Bxc3+ 30. Ke2 Rb7 31. Rb1 Rb5 32. a3 Bh5+ 33. Kf2 Rxb1
34. Rxb1 a5 35. Kg3 Bd2 36. Rb8+ Be8 37. Kf4 d4 38. Kxe4 dxe3 39. Kd3 Kf7 40.
Be4 Bc6 41. Bf5 1-0

[Event "MCRE_PF15"]
[Site "?"]
[Date "2003.??.??"]
[Round "2"]
[White "Ksir, Bohumil"]
[Black "Sochor, Frantisek"]
[Result "0-1"]
[WhiteElo "2115"]
[BlackElo "2252"]
[PlyCount "50"]
[EventDate "2003.??.??"]
[EventType "corr"]
[EventRounds "2"]
[SourceDate "2005.03.12"]

1. e4 c5 2. Nf3 d6 3. d4 cxd4 4. Nxd4 Nf6 5. Nc3 a6 6. Bg5 Nc6 7. Qd2 Bd7 8.
O-O-O e6 9. f4 h6 10. Bh4 Be7 11. Nf3 b5 12. e5 b4 13. exf6 bxc3 14. Qxc3 gxf6
15. f5 e5 16. Bc4 Rc8 17. Qd3 Qc7 18. Nd2 Nb4 19. Qf3 Bb5 20. Bxb5+ axb5 21. c3
Qa5 22. Nb1 Qxa2 23. Qb7 O-O 24. Rhe1 Qb3 25. Re2 Rfe8 0-1

[Event "MCRE_PF15"]
[Site "?"]
[Date "2003.??.??"]
[Round "2"]
[White "Ksir, Bohumil"]
[Black "Svajdler, Frantisek"]
[Result "1/2-1/2"]
[WhiteElo "2115"]
[BlackElo "2278"]
[PlyCount "41"]
[EventDate "2003.??.??"]
[EventType "corr"]
[EventRounds "2"]
[SourceDate "2005.03.12"]

1. e4 e5 2. Nf3 Nc6 3. Bb5 a6 4. Ba4 Nf6 5. O-O Be7 6. d4 exd4 7. Re1 b5 8. e5
Nxe5 9. Rxe5 d6 10. Re1 bxa4 11. Nxd4 Bd7 12. Qf3 O-O 13. Nc6 Bxc6 14. Qxc6 Re8
15. Nc3 Qd7 16. Qxa4 Qxa4 17. Nxa4 Nd7 18. Kf1 f5 19. b3 Kf7 20. Bb2 g5 21.
Rad1 1/2-1/2

[Event "MCRE_PF15"]
[Site "?"]
[Date "2003.??.??"]
[Round "2"]
[White "Ksir, Bohumil"]
[Black "Valenta, Josef"]
[Result "1/2-1/2"]
[WhiteElo "2115"]
[BlackElo "2168"]
[PlyCount "41"]
[EventDate "2003.??.??"]
[EventType "corr"]
[EventRounds "2"]
[SourceDate "2005.03.12"]

1. e4 c5 2. Nf3 Nc6 3. d4 cxd4 4. Nxd4 Nf6 5. Nc3 e5 6. Ndb5 d6 7. Bg5 a6 8.
Na3 b5 9. Bxf6 gxf6 10. Nd5 f5 11. exf5 Bxf5 12. c3 Bg7 13. Nc2 O-O 14. Nce3
Be6 15. Bd3 f5 16. Bc2 f4 17. Qh5 Rf7 18. Bxh7+ Kf8 19. Bf5 Qe8 20. Bxe6 Qxe6
21. Qg4 1/2-1/2

[Event "MCRE_PF15"]
[Site "?"]
[Date "2003.??.??"]
[Round "2"]
[White "Ksir, Bohumil"]
[Black "Votypka, Miroslav"]
[Result "1/2-1/2"]
[WhiteElo "2115"]
[BlackElo "2249"]
[PlyCount "113"]
[EventDate "2003.??.??"]
[EventType "corr"]
[EventRounds "2"]
[SourceDate "2005.03.12"]

1. e4 e5 2. Nf3 Nc6 3. d4 exd4 4. Nxd4 Bc5 5. Nxc6 Qf6 6. Qd2 dxc6 7. Bd3 Be6
8. Nc3 O-O-O 9. O-O Ne7 10. Na4 Bd6 11. Qa5 Qe5 12. Qxe5 Bxe5 13. Nc5 Bg4 14.
h3 Bh5 15. Be3 b6 16. Ba6+ Kb8 17. Nd3 Bd4 18. Rfe1 Bxe3 19. Rxe3 Bg6 20. f4 f6
21. a3 Bf7 22. g4 h5 23. e5 Nd5 24. Rg3 hxg4 25. hxg4 g5 26. Rf1 gxf4 27. Nxf4
Nxf4 28. Rxf4 Rd1+ 29. Kf2 Rh2+ 30. Kf3 Bd5+ 31. Ke3 Re1+ 32. Kd3 Rxe5 33. c4
Bh1 34. Rxf6 Be4+ 35. Kc3 Rh8 36. Re3 Rg8 37. b4 Ree8 38. g5 Bg6 39. Ref3 Be4
40. Rg3 c5 41. bxc5 bxc5 42. Bb5 Re7 43. Bc6 Bxc6 44. Rxc6 Re5 45. g6 Kb7 46.
Rf6 Rg7 47. Kb3 a6 48. a4 a5 49. Kc2 Re1 50. Kd2 Re4 51. Kc3 Re1 52. Rg5 Re3+
53. Kd2 Rge7 54. Rf2 Ra3 55. Kc1 Rg7 56. Kb2 Re3 57. Rf6 1/2-1/2

[Event "MCRE_PF15"]
[Site "?"]
[Date "2003.??.??"]
[Round "2"]
[White "Milos, Vladislav"]
[Black "Juhasz, Jozef"]
[Result "1-0"]
[WhiteElo "2181"]
[BlackElo "2188"]
[PlyCount "101"]
[EventDate "2003.??.??"]
[EventType "corr"]
[EventRounds "2"]
[SourceDate "2005.03.12"]

1. e4 e5 2. Nf3 Nc6 3. Bb5 a6 4. Ba4 Nf6 5. O-O h5 6. Bxc6 dxc6 7. Nxe5 h4 8.
h3 g5 9. d4 g4 10. hxg4 Nd7 11. Bf4 Bg7 12. Nxd7 Bxd7 13. c3 Be6 14. f3 Qe7 15.
Qe1 Bc4 16. Rf2 O-O-O 17. Nd2 Be6 18. a4 h3 19. gxh3 Rxh3 20. Rh2 Rxh2 21. Kxh2
Rh8+ 22. Kg2 Qf6 23. Qg3 Qd8 24. Rh1 Rxh1 25. Kxh1 c5 26. d5 Bd7 27. a5 Bf8 28.
Qh2 Be8 29. Kg2 Bb5 30. Qh7 Qf6 31. Be3 b6 32. axb6 cxb6 33. g5 Qg7 34. Qf5+
Bd7 35. Qf4 Bb5 36. Bf2 Be7 37. Bg3 Kd7 38. c4 Qxg5 39. cxb5 Qxf4 40. Bxf4 axb5
41. e5 c4 42. Be3 Bd8 43. f4 Bc7 44. Bd4 Bd8 45. f5 Kc7 46. e6 Kd6 47. exf7 Be7
48. Bg7 Kxd5 49. Kf3 Bd6 50. Ne4 Bb4 51. Nc3+ 1-0

[Event "MCRE_PF15"]
[Site "?"]
[Date "2003.??.??"]
[Round "2"]
[White "Milos, Vladislav"]
[Black "Koukal, Vladimir"]
[Result "0-1"]
[WhiteElo "2181"]
[BlackElo "2194"]
[PlyCount "56"]
[EventDate "2003.??.??"]
[EventType "corr"]
[EventRounds "2"]
[SourceDate "2005.03.12"]

1. e4 e5 2. Nf3 Nf6 3. Nc3 Nc6 4. d4 exd4 5. Nxd4 Bb4 6. Nxc6 bxc6 7. Bd3 d5 8.
exd5 Qe7+ 9. Be3 Nxd5 10. Qf3 O-O 11. O-O Nxe3 12. Rae1 Bc5 13. Bxh7+ Kxh7 14.
Qh5+ Kg8 15. fxe3 Rb8 16. Nd1 Rb4 17. h3 Rh4 18. Qf3 Bd6 19. Rf2 Qe5 20. Qxc6
Qh2+ 21. Kf1 Bb4 22. Ke2 Rh6 23. Qe4 Bxe1 24. Kxe1 Rd6 25. Qf4 Qg1+ 26. Rf1
Qxg2 27. Qf2 Qd5 28. Nc3 Qb7 0-1

[Event "MCRE_PF15"]
[Site "?"]
[Date "2003.??.??"]
[Round "2"]
[White "Milos, Vladislav"]
[Black "Sochor, Frantisek"]
[Result "0-1"]
[WhiteElo "2181"]
[BlackElo "2252"]
[PlyCount "58"]
[EventDate "2003.??.??"]
[EventType "corr"]
[EventRounds "2"]
[SourceDate "2005.03.12"]

1. e4 c5 2. Nf3 d6 3. d4 cxd4 4. Nxd4 Nf6 5. Nc3 a6 6. Bg5 Nc6 7. Qd2 Bd7 8.
O-O-O e6 9. Nf3 b5 10. a3 Rb8 11. Kb1 b4 12. axb4 Rxb4 13. Bxf6 Qxf6 14. Bxa6
Be7 15. Rhe1 O-O 16. e5 Qg6 17. Na2 Rb6 18. Bd3 Qh5 19. exd6 Bf6 20. c3 Rfb8
21. b4 Nxb4 22. cxb4 Qa5 23. Re4 Qa3 24. Rc4 Bb5 25. Bxh7+ Kh8 26. Rd4 Ba4 27.
Bc2 Bxc2+ 28. Kxc2 Bxd4 29. Nxd4 Qxa2+ 0-1

[Event "MCRE_PF15"]
[Site "?"]
[Date "2003.??.??"]
[Round "2"]
[White "Milos, Vladislav"]
[Black "Svajdler, Frantisek"]
[Result "1/2-1/2"]
[WhiteElo "2181"]
[BlackElo "2278"]
[PlyCount "37"]
[EventDate "2003.??.??"]
[EventType "corr"]
[EventRounds "2"]
[SourceDate "2005.03.12"]

1. e4 e5 2. Nf3 Nc6 3. Bb5 a6 4. Ba4 Nf6 5. O-O Be7 6. Re1 b5 7. Bb3 d6 8. c3
O-O 9. h3 Na5 10. Bc2 c5 11. d4 cxd4 12. cxd4 Bb7 13. Nc3 Qc7 14. Qe2 Rac8 15.
Bd3 Rfe8 16. Bg5 Nc6 17. d5 Nd4 18. Nxd4 exd4 19. Nd1 1/2-1/2

[Event "MCRE_PF15"]
[Site "?"]
[Date "2003.??.??"]
[Round "2"]
[White "Milos, Vladislav"]
[Black "Votypka, Miroslav"]
[Result "1-0"]
[WhiteElo "2181"]
[BlackElo "2249"]
[PlyCount "103"]
[EventDate "2003.??.??"]
[EventType "corr"]
[EventRounds "2"]
[SourceDate "2005.03.12"]

1. e4 e5 2. Nf3 Nc6 3. Bb5 a6 4. Ba4 Nf6 5. O-O Be7 6. Re1 b5 7. Bb3 d6 8. c3
O-O 9. h3 Na5 10. Bc2 c5 11. d4 cxd4 12. cxd4 exd4 13. Nxd4 Re8 14. Nc3 Bd7 15.
Qd3 Nc6 16. Nxc6 Bxc6 17. Bf4 Qd7 18. a3 a5 19. f3 Qb7 20. b4 Red8 21. Red1 Nd7
22. e5 g6 23. exd6 Bf6 24. Bb3 axb4 25. axb4 Rxa1 26. Rxa1 Ne5 27. Qe3 Re8 28.
Bxe5 Rxe5 29. Qf2 Qd7 30. Rd1 Kg7 31. f4 Re8 32. Qc5 Bf3 33. Rd3 Rc8 34. Qe3
Bb7 35. Ne4 Bxe4 36. Qxe4 h5 37. Rd1 Rc6 38. Qd5 h4 39. Kf2 Qa7+ 40. Kf1 Qd7
41. Kg1 Qa7+ 42. Kh1 Qf2 43. d7 Qxf4 44. Qxf7+ Kh6 45. Qf8+ Kh5 46. Rd5+ g5 47.
Bd1+ Kg6 48. Qe8+ Kg7 49. Qe2 Re6 50. d8=Q Bxd8 51. Rd7+ Kf6 52. Qb2+ 1-0

[Event "MCRE_PF15"]
[Site "?"]
[Date "2003.??.??"]
[Round "2"]
[White "Sochor, Frantisek"]
[Black "Svajdler, Frantisek"]
[Result "1/2-1/2"]
[WhiteElo "2252"]
[BlackElo "2278"]
[PlyCount "47"]
[EventDate "2003.??.??"]
[EventType "corr"]
[EventRounds "2"]
[SourceDate "2005.03.12"]

1. e4 e5 2. Nf3 Nc6 3. Bb5 a6 4. Ba4 Nf6 5. O-O Be7 6. Re1 b5 7. Bb3 d6 8. a4
b4 9. d4 Bg4 10. dxe5 Nxe5 11. Nbd2 Qc8 12. Qe2 O-O 13. Qe3 Be6 14. Bxe6 Qxe6
15. Nd4 Qd7 16. Nf5 Rfe8 17. b3 Nd5 18. Qg3 Bf6 19. Bb2 Ng6 20. Qh3 Rad8 21.
exd5 Bxb2 22. Rxe8+ Qxe8 23. Rd1 Qe2 24. Qf3 1/2-1/2

[Event "MCRE_PF15"]
[Site "?"]
[Date "2003.??.??"]
[Round "2"]
[White "Valenta, Josef"]
[Black "Juhasz, Jozef"]
[Result "0-1"]
[WhiteElo "2168"]
[BlackElo "2188"]
[PlyCount "114"]
[EventDate "2003.??.??"]
[EventType "corr"]
[EventRounds "2"]
[SourceDate "2005.03.12"]

1. d4 Nf6 2. c4 e6 3. Nc3 Bb4 4. a3 Bxc3+ 5. bxc3 b6 6. f3 Nc6 7. e4 e5 8. Ne2
O-O 9. Ng3 d6 10. Be3 Na5 11. Bd3 Ba6 12. Qe2 Qd7 13. Nf5 g6 14. Nh6+ Kg7 15.
a4 Rfe8 16. O-O Nh5 17. g3 c6 18. Ra2 f5 19. dxe5 f4 20. gxf4 Kxh6 21. f5+ Kg7
22. c5 Bxd3 23. Qxd3 bxc5 24. Qa6 gxf5 25. Qxa5 Rxe5 26. Rg2+ Kh8 27. c4 fxe4
28. Bc1 e3 29. f4 Rf5 30. Qc3+ Nf6 31. Bxe3 Rg8 32. Rxg8+ Kxg8 33. Rf2 Kf7 34.
Rg2 d5 35. cxd5 Qxd5 36. Qc2 c4 37. Rd2 Qe6 38. Re2 Rd5 39. Bxa7 Qg4+ 40. Kh1
Qxf4 41. Rf2 Qg4 42. Rf1 Ke6 43. Bb6 Re5 44. Bd8 Nh5 45. Qf2 Qe4+ 46. Kg1 Qg6+
47. Kh1 c3 48. Bc7 Qe4+ 49. Kg1 Rg5+ 50. Bg3 Nxg3 51. Qf7+ Kd6 52. Qf6+ Kc7 53.
Qf7+ Kb6 54. Qf2+ Ka6 55. hxg3 Qd3 56. Re1 c2 57. Rc1 Rxg3+ 0-1

[Event "MCRE_PF15"]
[Site "?"]
[Date "2003.??.??"]
[Round "2"]
[White "Valenta, Josef"]
[Black "Koukal, Vladimir"]
[Result "0-1"]
[WhiteElo "2168"]
[BlackElo "2194"]
[PlyCount "34"]
[EventDate "2003.??.??"]
[EventType "corr"]
[EventRounds "2"]
[SourceDate "2005.03.12"]

1. d4 Nf6 2. c4 e6 3. Nc3 Bb4 4. a3 Bxc3+ 5. bxc3 c5 6. f3 d5 7. cxd5 Nxd5 8.
dxc5 f5 9. Nh3 O-O 10. c4 Qh4+ 11. Nf2 Qf6 12. Bd2 Nc7 13. Qc1 e5 14. Be3 Ne6
15. Nd3 Nc6 16. Qb2 f4 17. g3 fxe3 0-1

[Event "MCRE_PF15"]
[Site "?"]
[Date "2003.??.??"]
[Round "2"]
[White "Valenta, Josef"]
[Black "Milos, Vladislav"]
[Result "1-0"]
[WhiteElo "2168"]
[BlackElo "2181"]
[PlyCount "79"]
[EventDate "2003.??.??"]
[EventType "corr"]
[EventRounds "2"]
[SourceDate "2005.03.12"]

1. d4 Nf6 2. c4 c6 3. Nc3 d5 4. cxd5 cxd5 5. Bg5 Ne4 6. Nxe4 dxe4 7. a3 Nc6 8.
d5 h6 9. Bc1 Ne5 10. Qa4+ Nd7 11. Bf4 Qb6 12. Be5 Qg6 13. e3 Qg5 14. Bd4 a6 15.
Rd1 Qg6 16. Ne2 b5 17. Qc2 Rb8 18. Ba7 Ra8 19. d6 Ne5 20. Bd4 Bg4 21. Bxe5 Rc8
22. Bc3 exd6 23. Rd4 Bf5 24. a4 Be7 25. axb5 axb5 26. h3 O-O 27. Nf4 Qh7 28.
Bxb5 Rfd8 29. Nd5 Bf8 30. O-O Rc5 31. Be2 Rb8 32. Ra1 Rd8 33. Ra7 Be6 34. Nf4
d5 35. Qd2 Rc6 36. Bb5 Rb6 37. Nxd5 Rbd6 38. Ne7+ Bxe7 39. Rxd6 Bxd6 40. Qxd6
1-0